| 000 | 00607nam a22002057a 4500 | ||
|---|---|---|---|
| 999 |
_c6106 _d6106 |
||
| 001 | 12676 | ||
| 003 | BD-DhUAP | ||
| 005 | 20201224143757.0 | ||
| 008 | 201224s1997 nyua|||| |||| 001 0 eng d | ||
| 020 | _a0070410585 | ||
| 040 |
_aBD-DhUAP _bEng _cBD-DhUAP _dBD-DhUAP |
||
| 082 |
_223 _a690 HOM |
||
| 110 | _aMarshall & Swift (Firm). | ||
| 245 | _aHome repair & remodel cost guide 1997. | ||
| 260 |
_aNew York : _bMcGraw-Hill, _c©1997. |
||
| 300 |
_a190 pages : _billustrations ; _c23 cm. |
||
| 500 | _aIncludes index. | ||
| 650 |
_aDwellings _vRepair and reconstruction _xEstimates. |
||
| 942 |
_2ddc _cBK |
||